000 00780nam a2200241Ia 4500
003 GCL
008 140319s9999 xx 000 0 ara d
020 _a0036270977
040 _aGCL /
_cGCL
082 0 4 _a928.1
_bس ت
100 1 _aسيد صديق عبدالفتاح
245 1 0 _aتراجم واثار ادباء الفكر الساخر /
_cسيد صديق عبدالفتاح
250 _aالاولى
260 _aالقاهرة :
_bالدار المصرية اللبنانية ،
_c1993
300 _a455 ص ؛
_c24 سم
490 _a
650 0 4 _aالادب العربى
650 0 4 _aمصر
650 0 4 _aالاهاجى والفكاهات
650 0 4 _aالسخرية فى الادب
650 0 4 _aالادب العربى الهزلى
942 _2ddc
_cBK
999 _c30227
_d30227